000 00305nam a2200109Ia 4500
008 171211s9999 xx 000 0 und d
245 _aRisk Management of Less Lethal Options
245 _cR.T. Wyant
260 _c2014
650 _xMartial Arts
856 _uhttp://down.ebook777.com/056/9781466563032.pdf
999 _c348222
_d348222